|
|
|
|
| LEADER |
02253nam a22004935i 4500 |
| 001 |
978-0-306-47179-7 |
| 003 |
DE-He213 |
| 005 |
20151204164808.0 |
| 007 |
cr nn 008mamaa |
| 008 |
100301s2002 xxu| s |||| 0|eng d |
| 020 |
|
|
|a 9780306471797
|9 978-0-306-47179-7
|
| 024 |
7 |
|
|a 10.1007/b107556
|2 doi
|
| 040 |
|
|
|d GrThAP
|
| 050 |
|
4 |
|a HM545
|
| 072 |
|
7 |
|a JHM
|2 bicssc
|
| 072 |
|
7 |
|a SOC002000
|2 bisacsh
|
| 082 |
0 |
4 |
|a 301
|2 23
|
| 100 |
1 |
|
|a Carneiro, Robert L.
|e author.
|
| 245 |
1 |
4 |
|a The Muse of History and the Science of Culture
|h [electronic resource] /
|c by Robert L. Carneiro.
|
| 264 |
|
1 |
|a Boston, MA :
|b Springer US,
|c 2002.
|
| 300 |
|
|
|a XI, 307 p.
|b online resource.
|
| 336 |
|
|
|a text
|b txt
|2 rdacontent
|
| 337 |
|
|
|a computer
|b c
|2 rdamedia
|
| 338 |
|
|
|a online resource
|b cr
|2 rdacarrier
|
| 347 |
|
|
|a text file
|b PDF
|2 rda
|
| 505 |
0 |
|
|a The Philosophy of History -- The Changing Faces of History -- The Thorny Thickets of History -- What Drives the Engine of History? -- The Great Man and Ideas as Prime Movers -- How to Turn History into Science -- The Culture Process and Its Determinants -- Are There Laws of History? -- Proposed Laws of Culture.
|
| 520 |
|
|
|a Is history more than (in Boswell's words) a `chronological series of remarkable events'? Does it have a pattern? Is it fraught with `meaning'? Can we discern its trends? What determines its course? In short, can a substantial and coherent philosophy of history be devised that offers answers to these questions? These issues, which have intrigued -and bedeviled - historians for centuries, are explored in this thoughtful book.
|
| 650 |
|
0 |
|a Social sciences.
|
| 650 |
|
0 |
|a History.
|
| 650 |
|
0 |
|a Philosophy and social sciences.
|
| 650 |
|
0 |
|a Anthropology.
|
| 650 |
|
0 |
|a Archaeology.
|
| 650 |
1 |
4 |
|a Social Sciences.
|
| 650 |
2 |
4 |
|a Anthropology.
|
| 650 |
2 |
4 |
|a Archaeology.
|
| 650 |
2 |
4 |
|a Philosophy of the Social Sciences.
|
| 650 |
2 |
4 |
|a History, general.
|
| 710 |
2 |
|
|a SpringerLink (Online service)
|
| 773 |
0 |
|
|t Springer eBooks
|
| 776 |
0 |
8 |
|i Printed edition:
|z 9780306462726
|
| 856 |
4 |
0 |
|u http://dx.doi.org/10.1007/b107556
|z Full Text via HEAL-Link
|
| 912 |
|
|
|a ZDB-2-SHU
|
| 912 |
|
|
|a ZDB-2-BAE
|
| 950 |
|
|
|a Humanities, Social Sciences and Law (Springer-11648)
|